000 01023njm a2200241 i 4500
001 4751
003 ES-MaACL
005 20250822062542.0
007 s|r|||||||||||
008 070813s1976 sp ||| g ||||||||1|nspa d
100 1 _aLafourcade, Agustín.
_969521
245 1 0 _aExploración psicológica del mundo actual [
_hGrabación sonora] /
_cinterviene Agustín Lafourcade.
260 _aMadrid :
_bAteneo de Madrid,
_c1976.
300 _a1 disco (CD-DA) (1 h. 11 min. 36 seg.) ;
_c12 cm.
500 _aDatos basados en la invitación.
518 _aActo organizado por el Aula de Conferencias Independientes del Ateneo de Madrid, grabado en el salón de actos el jueves 22 de enero de 1976, a las 20:00 h.
610 2 4 _aAteneo de Madrid-
_xActos culturales-
_y1976-
_vGrabaciones sonoras.
_91886
650 1 7 _aPsicología
_2embne
_916540
710 2 _aAteneo de Madrid.
_bAula de Conferencias Independientes.
_91937
852 _aES-MaACL
_cROT
_jROT 3/5/10
_94868
942 _2udc
_cCDROM
999 _c4751
_d4751